000 01039nam a2200289 a 4500
003 DO-SdBNP
005 20240530073937.0
007 ta
008 090713s2009 dr ac 000 0 spa d
020 _a9789945421729
040 _aDO-SdBNP
_bspa
_cBNPHU
082 _axxx
_bxxxx
110 1 _aBanco Nacional de Fomento de la Vivienda y la Producción
_982898
245 1 3 _aColección BNV :
_bartes plásticas /
_ctextos Lilian Carrasco ; fotografías Eloy Pérez Báez ; edición Avelino Stanley
260 _aSanto Domingo :
_bBNV,
_c2009.
300 _a359 p. :
_bil. retr- ;
_c32 cm.
500 _aEdición homenaje, en el centenario del natalicio del profesor Juan Bosch 1909-2009.
504 _aBibliografía p: 356-359
590 _aInventariado, 2022/ YL
650 0 _aEnsayos dominicanos
_965
650 0 _aLiteratura dominicana.
_967
700 1 2 _aPérez Báez, Eloy
_efot.
_951370
700 1 2 _aStanley, Avelino
_eed.
_981556
710 1 _aBanco Nacional de la Vivienda
_957099
910 _aYLockward
942 _2ddc
_cLBS1
999 _c53015
_d53015